|
|
|
|
| LEADER |
01966nam a22002897a 4500 |
| 001 |
34228 |
| 003 |
BD-DhAAL |
| 005 |
20211125112729.0 |
| 008 |
190204t2013 bg f000 0 ben d |
| 999 |
|
|
|c 40375
|d 40375
|
| 040 |
|
|
|a BD-DhAAL
|
| 041 |
|
|
|a BEN
|
| 082 |
0 |
0 |
|a 382.549203
|2 23
|
| 110 |
|
|
|a গণপ্রজাতন্ত্রী বাংলাদেশ সরকার,
|b বাংলাদেশ জাতীয় সংসদ
|9 29853
|
| 240 |
|
|
|a বাংলাদেশ গেজেট, অতিরিক্ত, নভেম্বর ১০, ২০১৩
|
| 245 |
|
|
|a ভৌগলিক নির্দেশক পণ্যের নিবন্ধন ও সুরক্ষা সম্পর্কিত বিধান প্রণয়ণকল্পে প্রণীত আইন /
|c গণপ্রজাতন্ত্রী বাংলাদেশ সরকার, বাংলাদেশ জাতীয় সংসদ
|
| 260 |
|
|
|a ঢাকা :
|b গণপ্রজাতন্ত্রী বাংলাদেশ সরকার, বাংলাদেশ জাতীয় সংসদ
|c ২০১৩
|
| 300 |
|
|
|a ৯৬৮২-৯৬৯৬ পৃষ্ঠা ;
|c ২৪ সে. মি.
|
| 526 |
|
|
|a SOL
|
| 541 |
|
|
|a Development Book Agency
|e 34228, 34229
|
| 650 |
|
0 |
|a Marks of origin
|x Law and legislation
|z Bangladesh
|9 29846
|
| 650 |
|
0 |
|a Names, Geographical
|x Law and legislation
|z Bangladesh
|9 29847
|
| 650 |
|
0 |
|a Law.
|9 43142
|
| 852 |
|
|
|a Ayesha Abed Library
|c General Stacks
|
| 942 |
|
|
|2 ddc
|c BK
|
| 952 |
|
|
|0 0
|1 4
|2 ddc
|4 0
|6 382_549203000000000_VOU
|7 0
|9 64890
|a BRACUL
|b BRACUL
|c GEN
|d 2019-01-06
|e Development Book Agency
|g 80.00
|l 0
|o 382.549203 VOU
|p 3010034229
|r 2019-01-06
|t 2
|v 80.00
|w 2019-01-06
|y BK
|x Koha Inventory 2020
|
| 952 |
|
|
|0 0
|1 4
|2 ddc
|4 0
|6 382_549203000000000_VOU
|7 0
|9 64891
|a BRACUL
|b BRACUL
|c GEN
|d 2019-01-06
|e Development Book Agency
|g 80.00
|l 0
|o 382.549203 VOU
|p 3010034228
|r 2019-01-06
|t 1
|v 80.00
|w 2019-01-06
|y BK
|x Koha Inventory 2020
|